• 首页
  • 本馆介绍
  • 公告通知
  • 最新文献
  • 馆藏检索
  • 电子资源
  • 读者导购
  • 参考咨询
  • 我的图书馆
  • 登录
  • 详细信息显示
  • 放入我的书架
  • 预约/预借图书
  • 作者相关作品
  • 分类相关作品
  • 丛书相关作品
  • 出版社相关作品

书目信息

  • 表格格式
  • 工作单格式
  • 卡片格式
题名:
欧洲文化的起源
    
 
作者: 兹拉特科夫斯卡雅 著 ;陈筠 , 沈徵 译
分册:  
出版信息: 北京   三联书店  1984
页数: 170页
开本: 19cm
丛书名:
单 册:
中图分类: K500.03
科图分类:
主题词: 文化史--欧洲 , 欧洲--历史
电子资源:
ISBN:
000 00844nam0 2200265 45
001 0184012375
005 20060414095434.14
010    @dCNY0.71
091    @a11002.628
100    @a19950628d1984 em y0chiy0121 ea
101 1  @achi@crus
102    @aCN@b110000
105    @ay z 000yy
200 10 @a欧洲文化的起源@Aou zhou wen hua de qi yuan@f(苏)兹拉特科夫斯卡雅著@F(su)zi la te ke fu si ka ya zhu@g陈筠,沈徵译@Gchen jun,shen cheng yi
210    @a北京@c三联书店@d1984
215    @a170页@d19cm
606    @a文化史@y欧洲
606 0  @a欧洲@x历史
690    @aK500.03@v3
701  0 @a兹拉特科夫斯卡雅@Azi la te ke fu si ka ya@4著
702  0 @a陈筠@Achen yun@4译
702  0 @a沈徵@Ashen cheng@4译
801  2 @aCN@bNLC@c20060414
801  0 @aCN@b上海图书馆@c20031217
905    @dK500.03@e3@f2@b132368-369@f0@f1@b132373@f0@f1@b132376
    
    欧洲文化的起源/(苏)兹拉特科夫斯卡雅著/陈筠,沈徵译.-北京:三联书店,1984
    170页;19cm
    
    
    ISBN :CNY0.71
    
●
相关链接 在E读中查询图书 在五车中查询图书 在当当中查询图书 在豆瓣中查询图书


正题名:欧洲文化的起源     索取号:K500.03/3         预约/预借

序号 登录号 条形码 馆藏地/架位号 状态 备注
1 0132368   001395760   第二样本阅览室/ [索取号:K500.03/3] 在馆    
2 0132369   001395724   第二借阅区/ [索取号:K500.03/3] 在馆    
3 0132370   001663337   密集书库/ [索取号:K500.03/3] 在馆    
4 0132371   001663373   密集书库/ [索取号:K500.03/3] 在馆    
5 0132372   001663300   密集书库/ [索取号:K500.03/3] 在馆    
6 0132373   001395680   第二借阅区/ [索取号:K500.03/3] 在馆    
7 0132374   001663293   密集书库/ [索取号:K500.03/3] 在馆    
8 0132375   001661179   密集书库/ [索取号:K500.03/3] 在馆    
9 0132376   001394618   第二借阅区/ [索取号:K500.03/3] 在馆    
10 0132377   202258421   密集书库/ [索取号:K500.03/3] 在馆    
唐山师范学院图书馆 欢迎您!
大连网信软件有限公司© 版权所有